| 000 | 00941cad a22002055a 4500 | ||
|---|---|---|---|
| 001 | L150581 | ||
| 008 | 111014e2011 xxk 000 0 eng d | ||
| 020 | _a9780102967456 | ||
| 035 | _a(Sirsi) u154106 | ||
| 041 | 0 | _aeng | |
| 110 | 2 |
_aHomes and Communities Agency _95688 |
|
| 245 | 0 | 0 |
_aAnnual report and financial statements 2009/10 _h[electronic resource] |
| 260 |
_aLondon _bHCA _c2010 |
||
| 520 | _aExplains the role, function and structure of the HCA; case studies; achievements across England; report on HCA affairs from the board members; audited financial statements; auditor's report for the year ended 31 March 2010. | ||
| 590 | _aKA NTK | ||
| 651 | 4 |
_aEngland _y886- |
|
| 690 | _aPROPERTY-RESIDENTIAL PROPERTY-DOMESTIC RESIDENTIAL PROPERTY-HOUSING | ||
| 856 | 4 | 8 |
_uhttps://www.homesandcommunities.co.uk/public/documents/HCA_Annual_Report_0910.pdf _zView the website free of charge at www.homesandcommunities.co.uk |
| 942 | _n0 | ||
| 999 |
_c83494 _d83494 |
||